| 000 | 01944cam a22005174a 4500 | ||
|---|---|---|---|
| 001 | muse16385 | ||
| 003 | MdBmJHUP | ||
| 005 | 20210127150928.0 | ||
| 006 | m o d | ||
| 007 | cr||||||||nn|n | ||
| 008 | 060508s2006 utu o 00 0 eng d | ||
| 010 | _z 2006015245 | ||
| 020 | _a9780874215427 | ||
| 020 | _z0874216370 (pbk.) | ||
| 020 | _z9780874216370 | ||
| 035 | _a(OCoLC)704350342 | ||
| 040 |
_aMdBmJHUP _cMdBmJHUP |
||
| 043 | _an-us-ut | ||
| 050 | 0 | 4 |
_aE99.P2 _bH65 2006 |
| 082 | 0 |
_a979.2004/974576 _222 |
|
| 100 | 1 |
_aHolt, Ronald L., _d1949- |
|
| 245 | 1 | 0 |
_aBeneath These Red Cliffs _bAn Ethnohistory of the Utah Paiutes / _cRonald L. Holt ; forewords by Floyd O'Neil and Lora Tom. |
| 250 | _aNew and updated ed. | ||
| 264 | 1 | _bUtah State University Press, | |
| 264 | 3 | _bProject MUSE, | |
| 300 |
_a1 online resource (xxiv, 197 p.) : _bill., maps ; |
||
| 504 | _aIncludes bibliographical references (p. [165]-186) and index. | ||
| 506 | 0 |
_aOpen Access _fUnrestricted online access _2star |
|
| 588 | _aDescription based on print version record. | ||
| 650 | 0 |
_aMormons _xSocial conditions. |
|
| 650 | 0 |
_aMormons _xHistory _vSources. |
|
| 650 | 0 |
_aPaiute Indians _xSocial conditions. |
|
| 650 | 0 |
_aPaiute Indians _xGovernment relations. |
|
| 650 | 0 |
_aPaiute Indians _xHistory _vSources. |
|
| 655 | 7 |
_aElectronic books. _2local |
|
| 710 | 2 |
_aProject Muse. _edistributor |
|
| 830 | 0 | _aBook collections on Project MUSE. | |
| 856 | 4 | 0 |
_zFull text available: _uhttps://muse.jhu.edu/book/9310/ |
| 945 | _aProject MUSE - Archive Archaeology and Anthropology Foundation | ||
| 945 | _aProject MUSE - Archive Complete Foundation | ||
| 945 | _aProject MUSE - Archive Native American and Indigenous Studies Foundation | ||
| 999 |
_c24005 _d24005 |
||